000 00397nam a22001457a 4500
999 _c3265
_d3265
008 200324b ||||| |||| 00| 0 eng d
082 0 0 _a623.81473
_bH2437
100 _92774
_aHannan, T. E.
245 1 0 _aStrategy of propeller design /
_cby T. E. Hannan
250 _a1st ed.
260 _aLondon
_bThomas Reed publications
_c1971
300 _avii, 87 p.
650 0 _apropeller design
942 _cBK